Gaming Quiz

Random Gaming or Nintendo Quiz

Animal Inspired Pokémon Quiz Stats

 Plays Quiz Updated May 9, 2019

Score 0/28 Timer 05:00
29 Plays Today
% Correct
Zubat
(Bat)
92.8%
Girafarig
(Giraffe)
92.3%
Beedrill
(Bee)
91.9%
Rhyhorn
(Rhino)
91.9%
Tentacool
(Jellyfish)
91.6%
Tauros
(Bull)
91.6%
Totodile
(Crocodile)
89.3%
Ledyba
(Ladybug)
88.3%
Mantine
(Manta Ray)
87.6%
Slakoth
(Sloth)
86.2%
Persian
(Cat)
85.9%
Buneary
(Rabbit)
84.1%
Pikachu
(Mouse)
83.9%
Venipede
(Centipede)
82.1%
% Correct
Vulpix
(Fox)
81.9%
Mareep
(Sheep)
81.2%
Arbok
(Cobra)
77.1%
Kecleon
(Chameleon)
76.7%
Zigzagoon
(Raccoon)
76.1%
Phanpy
(Elephant)
73.7%
Nincada
(Cicada)
71.4%
Piplup
(Penguin)
70.1%
Zangoose
(Mongoose)
69.8%
Drilbur
(Mole)
68.4%
Vullaby
(Vulture)
67.9%
Farfetch'd
(Duck)
67.4%
Pangoro
(Panda)
64.6%
Sandslash
(Pangolin)
62.8%

You're not logged in!

Compare scores with friends on all Sporcle quizzes.
OR
Log In

Show Comments

Extras

Top Quizzes Today


Score Distribution

Your Account Isn't Verified!

In order to create a playlist on Sporcle, you need to verify the email address you used during registration. Go to your Sporcle Settings to finish the process.

Report this User

Report this user for behavior that violates our Community Guidelines.

Details: